Visualizzazione normale
Vista MARC
- Eno Roger
di Personal Name
Records bibliografici associati: 1
001 - CONTROL NUMBER
- control field: 25171
003 - CONTROL NUMBER IDENTIFIER
- control field: IT-RoPau
005 - DATE AND TIME OF LATEST TRANSACTION
- control field: 20140515214920.0
008 - FIXED-LENGTH DATA ELEMENTS
- fixed length control field: 140515|| aca||aabn | a|a d
040 ## - CATALOGING SOURCE
- Original cataloging agency: IT-RoPau
- Transcribing agency: IT-RoPau
100 ## - HEADING--PERSONAL NAME
- Personal name: Eno Roger
- Dates associated with a name: Codice autore musica SPICS: 13140
- Relator term: Autore musica
- Name of part/section of a work: White Darkness
670 ## - SOURCE DATA FOUND
- Source citation: Work cat.: (IT-RoPau)99863: AA.VV. 794, Argento vivo 2 (Lp Tmdf 33.185)